MARC

LEADER 00000nam0a2200000 4500
001 118919
005 20231031124348.0
035 |a (RuTPU)RU\TPU\book\128689 
090 |a 118919 
100 |a 20070620d1991 k y0rusy50 ca 
101 0 |a rus 
102 |a RU 
105 |a a b 000zy 
200 1 |a Унифицированные узлы и комплектующие изделия к металлообрабатывающему оборудованию  |e каталог  |f Всероссийский научно-исследовательский институт информации и технико-экономических исследований по машиностроению и робототехнике (ВНИИТЭМР); сост. А. Н. Кочкина, Г. И. Лексанова, Н. С. Майорова  |h Выпуск 1 
210 |a Москва  |c ВНИИТЭМР  |d 1991 
215 |a 88 с.  |c ил. 
610 1 |a каталоги 
610 1 |a узлы 
610 1 |a комплектующие изделия 
610 1 |a металлообрабатывающее оборудование 
610 1 |a муфты 
610 1 |a опоры качения 
610 1 |a коробки передач 
610 1 |a головки 
610 1 |a мотор-редукторы 
610 1 |a обработка 
610 1 |a обработка деталей 
610 1 |a тела вращения 
610 1 |a втулки 
610 1 |a державки 
610 1 |a инструменты 
610 1 |a зажимы 
610 1 |a транспортеры 
610 1 |a станки с ЧПУ 
610 1 |a станки 
610 1 |a рисунки 
610 1 |a размеры 
610 1 |a данные 
610 1 |a разработчики 
610 1 |a изготовители 
675 |a 621.9(085)  |v 3 
702 1 |a Кочкина  |b А. Н.  |4 220 
702 1 |a Лексанова  |b Г. И.  |4 220 
702 1 |a Майорова  |b Н. С.  |4 220 
712 0 2 |a Всероссийский научно-исследовательский институт информации и технико-экономических исследований по машиностроению и робототехнике (ВНИИТЭМР)  |2 stltpush  |3 (RuTPU)RU\TPU\col\5880 
801 1 |a RU  |b 63413507  |c 20070620  |g PSBO 
942 |c BK